[Event "Amazons Pride Blitz"]
[Site "Chess.com INT"]
[Date "2021.10.23"]
[Round "9"]
[White "Cervantes Landeiro, Thalia"]
[Black "Nikolova, Adriana"]
[Result "1-0"]
[WhiteElo "2175"]
[BlackElo "2226"]
[PlyCount "119"]
[EventDate "2021.10.23"]
[EventType "swiss (blitz)"]
[EventRounds "9"]
[EventCountry "USA"]
[SourceTitle "CBM 204 Extra"]
[Source "ChessBase"]
[SourceDate "2021.11.30"]
[SourceVersion "1"]
[SourceVersionDate "2021.11.30"]
[SourceQuality "1"]

1. d4 d5 2. c4 c6 3. Nf3 Nf6 4. e3 Bg4 5. Nc3 e6 6. Be2 Nbd7 7. 0-0 Bb4 8. cxd5 exd5 9. Qb3 a5 10. a3 Bxc3 11. bxc3 Qc7 12. c4 dxc4 13. Qxc4 0-0 14. a4 Nb6 15. Qc2 Nbd5 16. h3 Nb4 17. Qc5 Bh5 18. Bb2 Rfe8 19. Rac1 Bxf3 20. Bxf3 Nd3 21. Qc3 Nxc1 22. Rxc1 Qd6 23. Qb3 Qb4 24. Qa2 Qb6 25. Ba3 Rad8 26. Bc5 Qc7 27. Qc2 Nd5 28. e4 Nb4 29. Qc4 Na6 30. Ba3 Qd7 31. Rd1 b5 32. Qb3 b4 33. Bb2 Nc7 34. d5 cxd5 35. exd5 Qd6 36. Qc4 f6 37. Rc1 Rd7 38. Bg4 Rde7 39. g3 Qxd5 40. Qf1 Ne6 41. Be2 Qf5 42. Bc4 Kh8 43. Rd1 Qg6 44. Bb5 Rf8 45. Qc4 Ng5 46. Qc5 Qf7 47. h4 Rc7 48. Qd6 Ne6 49. Bd7 Nd8 50. Qxc7 Ne6 51. Qd6 Nd8 52. Bb5 Ne6 53. Bc4 Re8 54. Qd7 Re7 55. Qc8+ Re8 56. Bxe6 Qxe6 57. Qxe6 Rf8 58. Qe7 Rg8 59. Rd8 f5 60. Qxg7# 1-0

[Event "Amazons Pride Blitz"]
[Site "Chess.com INT"]
[Date "2021.10.23"]
[Round "8"]
[White "Kairbekova, Amina"]
[Black "Nikolova, Adriana"]
[Result "0-1"]
[WhiteElo "2123"]
[BlackElo "2226"]
[PlyCount "142"]
[EventDate "2021.10.23"]
[EventType "swiss (blitz)"]
[EventRounds "9"]
[EventCountry "USA"]
[SourceTitle "CBM 204 Extra"]
[Source "ChessBase"]
[SourceDate "2021.11.30"]
[SourceVersion "1"]
[SourceVersionDate "2021.11.30"]
[SourceQuality "1"]

1. e4 c6 2. d4 d5 3. e5 Bf5 4. h4 Bd7 5. Bd3 e6 6. g4 c5 7. c3 Nc6 8. Nf3 Qb6 9. Bc2 cxd4 10. cxd4 Bb4+ 11. Nc3 Nge7 12. Be3 Rc8 13. 0-0 Bxc3 14. bxc3 Na5 15. Rb1 Qc7 16. Bd2 Nc4 17. Bc1 a6 18. Bd3 Bb5 19. a4 Bd7 20. Nd2 b5 21. axb5 Bxb5 22. Nxc4 Bxc4 23. Bb2 0-0 24. Qc2 Bxd3 25. Qxd3 Qc4 26. Qxc4 Rxc4 27. Ba3 Rc7 28. Bd6 Ra7 29. Bc5 Rd7 30. Rb6 Ra8 31. Ra1 a5 32. Rxa5 Rc8 33. Raa6 h5 34. Rd6 Rb7 35. f3 Ng6 36. Rdb6 Rxb6 37. Rxb6 Nxh4 38. gxh5 Nxf3+ 39. Kf2 Nd2 40. Ke3 Ne4 41. Rb5 Nxc3 42. Rb2 Ne4 43. Bb4 Ng3 44. Rg2 Nxh5 45. Bc5 Ra8 46. Rg5 g6 47. Be7 Ra3+ 48. Bxa3 Ng7 49. Bc5 Nf5+ 50. Kd3 Nh4 51. Rg1 Nf3 52. Rg3 Nh4 53. Bd6 Nf5 54. Rg1 Kg7 55. Ba3 Kh6 56. Bc1+ Kg7 57. Be3 Kh7 58. Ke2 Kg7 59. Kf3 Nh4+ 60. Kf4 Nf5 61. Rh1 g5+ 62. Kf3 Kg6 63. Bf2 Nh6 64. Rg1 Kf5 65. Be3 g4+ 66. Kg3 Ng8 67. Rf1+ Ke4 68. Rf4+ Kxe3 69. Rxf7 Nh6 70. Rf8 Nf5+ 71. Kxg4 Kxd4 0-1

[Event "Amazons Pride Blitz"]
[Site "Chess.com INT"]
[Date "2021.10.23"]
[Round "3"]
[White "Nikolova, Adriana"]
[Black "Mammadova, Gulnar Marfat Qizi"]
[Result "0-1"]
[WhiteElo "2226"]
[BlackElo "2395"]
[PlyCount "56"]
[EventDate "2021.10.23"]
[EventType "swiss (blitz)"]
[EventRounds "9"]
[EventCountry "USA"]
[SourceTitle "CBM 204 Extra"]
[Source "ChessBase"]
[SourceDate "2021.11.30"]
[SourceVersion "1"]
[SourceVersionDate "2021.11.30"]
[SourceQuality "1"]

1. e4 e6 2. d4 d5 3. Nd2 a6 4. Ngf3 c5 5. exd5 exd5 6. c3 Nc6 7. dxc5 Bxc5 8. Bd3 Qe7+ 9. Be2 Nf6 10. 0-0 0-0 11. Nb3 Bb6 12. Bg5 Be6 13. Nbd4 h6 14. Bh4 g5 15. Bg3 Ne4 16. Re1 f5 17. Nxe6 Qxe6 18. c4 d4 19. c5 Ba5 20. Rc1 Kh7 21. Bc4 Qf6 22. Re2 Rae8 23. Bd6 Nxd6 24. cxd6 Qxd6 25. Bd3 Rxe2 26. Qxe2 Bc7 27. h3 Kg7 28. Re1 g4 0-1

[Event "PNWCC-Plovdiv FIDE Hybrid II m2"]
[Site "Chess.com INT"]
[Date "2021.07.26"]
[Round "3.1"]
[White "Nikolova, Adriana"]
[Black "Levine, Joseph1111"]
[Result "1/2-1/2"]
[WhiteElo "2243"]
[BlackElo "2025"]
[PlyCount "102"]
[EventDate "2021.07.24"]
[EventType "schev"]
[EventRounds "8"]
[EventCountry "USA"]
[SourceTitle "EXT 2022"]
[Source "ChessBase"]
[SourceDate "2021.10.06"]
[SourceVersion "1"]
[SourceVersionDate "2021.10.06"]
[SourceQuality "1"]
[WhiteTeam "Plovdiv"]
[BlackTeam "PNWCC"]
[WhiteTeamCountry "BUL"]
[BlackTeamCountry "USA"]

1. e4 e6 2. d4 d5 3. Nd2 c5 4. exd5 Qxd5 5. Ngf3 cxd4 6. Bc4 Qd7 7. 0-0 Nc6 8. Nb3 a6 9. a4 Nge7 10. Nbxd4 Nxd4 11. Nxd4 e5 12. Nb3 Qxd1 13. Rxd1 Nc6 14. c3 Bf5 15. Be3 Be7 16. Nc5 Rb8 17. b4 Nd8 18. Bd5 0-0 19. c4 Re8 20. b5 Bxc5 21. Bxc5 Be6 22. Bb6 Rc8 23. c5 Bxd5 24. Rxd5 Ne6 25. Rxe5 axb5 26. axb5 f6 27. Rd5 Re7 28. g3 Nc7 29. Bxc7 Rexc7 30. b6 Rxc5 31. Rd7 Rc1+ 32. Rxc1 Rxc1+ 33. Kg2 Rb1 34. Rxb7 Rb3 35. h4 h5 36. Rb8+ Kh7 37. Kf1 Rb2 38. Ke1 Kg6 39. f3 Rb3 40. Ke2 f5 41. Kf2 Kf6 42. Ke2 Kg6 43. Kd2 Rxf3 44. Kc2 f4 45. b7 fxg3 46. Rh8 g2 47. b8Q g1Q 48. Qe8+ Rf7 49. Qe4+ Rf5 50. Qe6+ Rf6 51. Qe8+ Rf7 1/2-1/2

[Event "Speed Chess (Women) Q7"]
[Site "Chess.com INT"]
[Date "2021.06.06"]
[Round "15"]
[White "Arpita, Mukherjee"]
[Black "Nikolova, Adriana"]
[Result "0-1"]
[WhiteElo "2206"]
[BlackElo "2243"]
[PlyCount "70"]
[EventDate "2021.06.06"]
[EventType "swiss (blitz)"]
[EventRounds "21"]
[EventCountry "USA"]
[SourceTitle "CBM 202 Extra"]
[Source "ChessBase"]
[SourceDate "2021.07.31"]
[SourceVersion "1"]
[SourceVersionDate "2021.07.31"]
[SourceQuality "1"]

1. e4 c5 2. Nf3 Nc6 3. Bb5 d6 4. d4 cxd4 5. Qxd4 Bd7 6. Bxc6 Bxc6 7. c4 Nf6 8. Nc3 g6 9. 0-0 Bg7 10. Bg5 0-0 11. Qd3 Ng4 12. Rac1 Re8 13. h3 Ne5 14. Nxe5 Bxe5 15. f4 Bg7 16. Nd5 Bxb2 17. Rb1 Bg7 18. Kh1 Bxd5 19. exd5 b6 20. Rfe1 Qc7 21. Re4 Bf6 22. Bxf6 exf6 23. Rbe1 Rxe4 24. Rxe4 Rc8 25. Qe2 f5 26. Rd4 Qc5 27. Qd3 Qb4 28. Kh2 Qe1 29. Qf3 Qc1 30. Rd3 Qxc4 31. Re3 Kg7 32. h4 h5 33. Kg3 Qd4 34. Qe2 Rc4 35. Kf3 Qxf4# 0-1

[Event "Speed Chess (Women) Q7"]
[Site "Chess.com INT"]
[Date "2021.06.06"]
[Round "14"]
[White "Babiy, Olga"]
[Black "Nikolova, Adriana"]
[Result "1-0"]
[WhiteElo "2280"]
[BlackElo "2243"]
[PlyCount "109"]
[EventDate "2021.06.06"]
[EventType "swiss (blitz)"]
[EventRounds "21"]
[EventCountry "USA"]
[SourceTitle "CBM 202 Extra"]
[Source "ChessBase"]
[SourceDate "2021.07.31"]
[SourceVersion "1"]
[SourceVersionDate "2021.07.31"]
[SourceQuality "1"]

1. d4 d5 2. Bf4 Nf6 3. Nf3 c5 4. e3 Nc6 5. Nbd2 cxd4 6. exd4 Bg4 7. c3 e6 8. Qb3 Qb6 9. Bb5 Be7 10. Ne5 Rc8 11. Nxg4 Nxg4 12. Nf3 0-0 13. 0-0 Na5 14. Qa4 a6 15. Bd3 Nc4 16. Bxc4 dxc4 17. Qc2 Qa5 18. Rfe1 b5 19. d5 b4 20. dxe6 fxe6 21. Bg3 bxc3 22. bxc3 Bf6 23. Rac1 Rfe8 24. h3 Nh6 25. Be5 Nf5 26. Bxf6 gxf6 27. Nd4 Qd5 28. Re4 Nxd4 29. Rxd4 Qg5 30. Rg4 Kh8 31. Rxg5 fxg5 32. Qe4 Rc7 33. Qe5+ Rg7 34. Rd1 h6 35. Rd7 Reg8 36. Rxg7 Rxg7 37. Qxe6 Kh7 38. Qxc4 a5 39. Qb5 h5 40. Qxa5 g4 41. Qf5+ Kh6 42. hxg4 hxg4 43. c4 g3 44. fxg3 Ra7 45. c5 Rxa2 46. Qe6+ Kg5 47. Qxa2 Kg4 48. Qe6+ Kxg3 49. Qg6+ Kf4 50. c6 Ke3 51. c7 Kd4 52. c8Q Ke3 53. Qce6+ Kd2 54. Qd6+ Ke1 55. Qe4# 1-0

[Event "Speed Chess (Women) Q8"]
[Site "Chess.com INT"]
[Date "2021.06.06"]
[Round "4"]
[White "Belenkaya, Dina"]
[Black "Nikolova, Adriana"]
[Result "0-1"]
[WhiteElo "2341"]
[BlackElo "2243"]
[PlyCount "70"]
[EventDate "2021.06.06"]
[EventType "swiss (blitz)"]
[EventRounds "13"]
[EventCountry "USA"]
[SourceTitle "CBM 202 Extra"]
[Source "ChessBase"]
[SourceDate "2021.07.31"]
[SourceVersion "1"]
[SourceVersionDate "2021.07.31"]
[SourceQuality "1"]

1. e4 c6 2. d3 d5 3. Nd2 dxe4 4. dxe4 Nf6 5. Ngf3 Bg4 6. Bc4 e6 7. h3 Bh5 8. 0-0 Nbd7 9. Qe1 Bb4 10. c3 Be7 11. a4 0-0 12. b4 a5 13. e5 Nd5 14. Bxd5 cxd5 15. b5 Rc8 16. Bb2 Nb6 17. Nd4 Nc4 18. Nxc4 Rxc4 19. f4 Bc5 20. g4 Bg6 21. f5 exf5 22. gxf5 Bh5 23. Qg3 Qb6 24. Rf2 Re8 25. Qg5 g6 26. Rg2 Rxc3 27. Qxh5 Bxd4+ 28. Kh1 Rc2 29. Bxd4 Qxd4 30. Qh6 Qxa1+ 31. Kh2 Qxe5+ 32. Kh1 Rxg2 33. Kxg2 Qe4+ 34. Kg1 Qxf5 35. Qe3 Rxe3 0-1

[Event "Speed Chess (Women) Q7"]
[Site "Chess.com INT"]
[Date "2021.06.06"]
[Round "7"]
[White "Nikolova, Adriana"]
[Black "Bodnaruk, Anastasia"]
[Result "0-1"]
[WhiteElo "2243"]
[BlackElo "2446"]
[PlyCount "88"]
[EventDate "2021.06.06"]
[EventType "swiss (blitz)"]
[EventRounds "21"]
[EventCountry "USA"]
[SourceTitle "CBM 202 Extra"]
[Source "ChessBase"]
[SourceDate "2021.07.31"]
[SourceVersion "1"]
[SourceVersionDate "2021.07.31"]
[SourceQuality "1"]

1. e4 c5 2. Nf3 d6 3. d4 cxd4 4. Nxd4 Nf6 5. Nc3 a6 6. Bg5 Nbd7 7. Bc4 Qb6 8. Bb3 e6 9. Qd2 Be7 10. 0-0-0 Nc5 11. f3 Qc7 12. g4 b5 13. h4 b4 14. Nce2 Bd7 15. Kb1 a5 16. Bc4 Ncxe4 17. fxe4 Qxc4 18. Bxf6 Bxf6 19. g5 Be5 20. Nf3 Ra7 21. Nxe5 dxe5 22. Qd6 Qc7 23. Qd3 Rb7 24. Ng3 a4 25. h5 0-0 26. g6 fxg6 27. h6 gxh6 28. Rxh6 b3 29. cxb3 axb3 30. a3 Bb5 31. Qxb3 Bc4 32. Qc3 Rb3 33. Qc2 Rc8 34. Ne2 Bd3 35. Qxd3 Rxd3 36. Rxd3 Qc2+ 37. Ka2 Qxd3 38. Nc3 Rxc3 39. bxc3 Qc2+ 40. Ka1 Qxc3+ 41. Ka2 Qc2+ 42. Ka1 Qc3+ 43. Ka2 Qd2+ 44. Kb3 Qxh6 0-1